Atramentovočierne srdce /
Keď do detektívnej kancelárie vkročí Edie Ledwellová s prosbou o rozhovor s Robin Ellacottovou, detektívka nevie, čo si má o neupravenej mladej žene myslieť. Spoluautorku kresleného seriálu Atramentovočierne srdce prenasleduje záhadný internetový používateľ a ona chce odhaliť jeho totožnosť. Robin m...
Uloženo v:
| Série: | Detektív Cormoran Strike,
část 6 |
|---|---|
| Hlavní autor: | |
| Médium: | E-kniha |
| Jazyk: | Czech |
| Vydáno: |
Praha :
Albatros Media Slovakia s.r.o.,
2023
|
| Příbuzné jednotky: | Z cyklu::
Detektív Cormoran Strike |
| Tagy: |
Žádné tagy |
| LEADER | 01703nam a22002417i 4500 | ||
|---|---|---|---|
| 001 | 275677 | ||
| 007 | ta | ||
| 008 | 240628s2023 xr ||||| |||| 00| 0 cze d | ||
| 020 | |a 9788056635957 | ||
| 044 | |a xr | ||
| 100 | 1 | |a Galbraith (pseudonym J. K. Rowlingové), Robert |4 aut | |
| 245 | 1 | 0 | |a Atramentovočierne srdce / |c Galbraith (pseudonym J. K. Rowlingové), Robert |
| 240 | 1 | 0 | |a The Ink Black Heart |
| 264 | 1 | |a Praha : |b Albatros Media Slovakia s.r.o., |c 2023 | |
| 300 | |a 1 online zdroj (1088 stran) | ||
| 336 | |a text |b txt |2 rdacontent | ||
| 337 | |a bez média |b n |2 rdamedia | ||
| 338 | |a online zdroj |b cr |2 rdacarrier | ||
| 520 | 2 | |a Keď do detektívnej kancelárie vkročí Edie Ledwellová s prosbou o rozhovor s Robin Ellacottovou, detektívka nevie, čo si má o neupravenej mladej žene myslieť. Spoluautorku kresleného seriálu Atramentovočierne srdce prenasleduje záhadný internetový používateľ a ona chce odhaliť jeho totožnosť. Robin má pocit, že jej s tým nemá ako pomôcť. O niekoľko dní však zistí, že Edie niekto zavraždil na Highgateskom cintoríne, kde sa odohráva dej seriálu. Robin a Cormoran Strike sa púšťajú do pátrania po neznámom... | |
| 787 | 0 | 8 | |g 6 |i Z cyklu: |t Detektív Cormoran Strike |
| 910 | |a RBIT002 | ||
| 998 | |d 389846 |a https://core.palmknihy.cz/api/books/389846/cover?s2zcjr |b https://core.palmknihy.cz/api/books/389846/cover/400?s2zcjr |c https://core.palmknihy.cz/api/books/389846/cover/50?s2zcjr |e 2028-09-29 |g 1088 |i 9788056635957 |j https://core.palmknihy.cz/api/books/389846/preview.epub |k https://core.palmknihy.cz/api/books/389846/preview.pdf |l |q 49 |r 1 |s https://www.palmknihy.cz/kniha/389846 |t ebook |y 2023 |z 1 |v Detektív Cormoran Strike |w 6 | ||
| 999 | |d 275675 | ||